अथातो चित्त जिज्ञासा: जॉक लकान और मनोविश्लेषण के सिद्धांतों पर केंद्रित एक विमर्श की प्रस्तावना (Record no. 1235554)
[ view plain ]
| 000 -LEADER | |
|---|---|
| fixed length control field | 00989nam a2200229Ia 4500 |
| 005 - DATE AND TIME OF LATEST TRANSACTION | |
| control field | 20250108125043.0 |
| 008 - FIXED-LENGTH DATA ELEMENTS--GENERAL INFORMATION | |
| fixed length control field | 008 250107s9999 xx 000 0 hin d |
| 020 ## - INTERNATIONAL STANDARD BOOK NUMBER | |
| International Standard Book Number | 978--93-82915-53- |
| 037 ## - SOURCE OF ACQUISITION | |
| Stock number | TB |
| 040 ## - CATALOGING SOURCE | |
| Original cataloging agency | CRL |
| Language of cataloging | hin |
| Transcribing agency | CRL |
| 041 ## - LANGUAGE CODE | |
| Language code of text/sound track or separate title | hin |
| Source of code | hin |
| 084 ## - COLON CLASSIFICATION NUMBER | |
| Classification number | O1593wN39 Q9 |
| 084 ## - COLON CLASSIFICATION NUMBER | |
| Assigning agency | CRL |
| 100 ## - MAIN ENTRY--PERSONAL NAME | |
| Personal name | माहेश्वरी, अरूण, ले. |
| 245 #0 - TITLE STATEMENT | |
| Title | अथातो चित्त जिज्ञासा: जॉक लकान और मनोविश्लेषण के सिद्धांतों पर केंद्रित एक विमर्श की प्रस्तावना |
| Statement of responsibility, etc. | माहेश्वरी, अरूण, ले. |
| 260 ## - PUBLICATION, DISTRIBUTION, ETC. | |
| Place of publication, distribution, etc. | बीकानेर, भारत |
| Name of publisher, distributor, etc. | सूर्य प्रकाशन मन्दिर |
| Date of publication, distribution, etc. | 3166 |
| 300 ## - PHYSICAL DESCRIPTION | |
| Extent | 503पृ0 |
| 365 ## - TRADE PRICE | |
| Price type code | INR |
| Price amount | 550 |
| 650 ## - SUBJECT ADDED ENTRY--TOPICAL TERM | |
| Topical term or geographic name entry element | अर्थशास्त्र |
| 942 ## - ADDED ENTRY ELEMENTS (KOHA) | |
| Koha item type | Textbook |
| Classification part | O1593wN39 Q9 |
| Withdrawn status | Lost status | Damaged status | Not for loan | Home library | Current library | Date acquired | Source of acquisition | Cost, normal purchase price | Total Checkouts | Full call number | Barcode | Date last seen | Price effective from | Koha item type |
|---|---|---|---|---|---|---|---|---|---|---|---|---|---|---|
| Central Library | Central Library | 2025-01-08 | Gift, 12/10/2023, | 550.00 | X:3M24:g 152R2 | CL1699176 | 2025-01-08 | 2025-01-08 | Textbook |
